[Event "NOR-ch 2018"]
[Site "Moss"]
[Date "2018.07.07"]
[Round "2"]
[White "Tari, Aryan"]
[Black "Holm, Kristian Stuvik"]
[Result "1-0"]
[WhiteElo "2615"]
[BlackElo "2453"]
[Annotator "ChessBase"]
[PlyCount "89"]
[EventDate "2018.07.06"]
[EventCountry "NOR"]
[SourceTitle "playchess.com"]
[Source "ChessBase"]
[SourceQuality "1"]

1. e4 e5 2. Nf3 Nc6 3. Bb5 a6 4. Ba4 Nf6 5. O-O Be7 6. Re1 b5 7. Bb3 O-O 8. d3 Bb7 9. a4 Re8 10. Bg5 h6 11. Bh4 d6 12. Nbd2 Nb8 13. c3 Nbd7 14. Nf1 d5 15. Bxf6 Bxf6 16. exd5 Nb6 17. c4 c6 18. dxc6 Bxc6 19. axb5 axb5 20. Rxa8 Qxa8 21. cxb5 Bxb5 22. Ne3 Bd7 23. Nd2 Qc6 24. Ne4 Be7 25. Qf3 Qg6 26. h3 Be6 27. Bxe6 Qxe6 28. Nf5 Bf8 29. d4 Kh8 30. Nc3 Nd7 31. d5 Qb6 32. Ne4 Qxb2 33. Qg4 Qb4 34. Re3 g6 35. Nfd6 Re7 36. Rf3 h5 37. Qg5 Kh7 38. Kh2 Kg8 39. Rg3 Kh7 40. Qh4 Qb6 41. Nc8 Qd8 42. Ng5+ Kg7 43. Ne6+ fxe6 44. Qxh5 Qe8 45. Nd6 1-0

[Event "NOR-ch 2018"]
[Site "Moss"]
[Date "2018.07.07"]
[Round "2"]
[White "Urkedal, Frode Olav Olsen"]
[Black "Ostenstad, Berge"]
[Result "1/2-1/2"]
[WhiteElo "2552"]
[BlackElo "2447"]
[Annotator "ChessBase"]
[PlyCount "74"]
[EventDate "2018.07.06"]
[EventCountry "NOR"]
[SourceTitle "playchess.com"]
[Source "ChessBase"]
[SourceQuality "1"]

1. d4 Nf6 2. c4 e6 3. Nf3 d5 4. Nc3 Be7 5. Bf4 O-O 6. e3 Nbd7 7. c5 Nh5 8. Bd3 Nxf4 9. exf4 c6 10. O-O b6 11. b4 Qc7 12. g3 a5 13. a3 Ba6 14. Bxa6 Rxa6 15. Qe2 Raa8 16. f5 e5 17. cxb6 Nxb6 18. bxa5 Rxa5 19. dxe5 Bxa3 20. f6 Nc4 21. fxg7 Re8 22. Qc2 Nxe5 23. Nh4 Be7 24. Nf5 Bf6 25. Kg2 Nc4 26. Rae1 Raa8 27. Ne2 Qa5 28. Nh6+ Kxg7 29. Qf5 d4 30. Nxd4 Bxd4 31. Qxf7+ Kxh6 32. Rxe8 Rxe8 33. Qxe8 Qd5+ 34. Kh3 Qf5+ 35. Kg2 Qd5+ 36. Kh3 Qf5+ 37. Kg2 Qd5+ 1/2-1/2

[Event "NOR-ch 2018"]
[Site "Moss"]
[Date "2018.07.07"]
[Round "2"]
[White "Notkevich, Benjamin Arvola"]
[Black "Djurhuus, Rune"]
[Result "1-0"]
[WhiteElo "2471"]
[BlackElo "2438"]
[Annotator "ChessBase"]
[PlyCount "61"]
[EventDate "2018.07.06"]
[EventCountry "NOR"]
[SourceTitle "playchess.com"]
[Source "ChessBase"]
[SourceQuality "1"]

1. e4 Nc6 2. Nf3 d6 3. d4 Nf6 4. Nc3 g6 5. d5 Nb8 6. Bg5 Bg7 7. h3 Nbd7 8. Bc4 O-O 9. O-O c6 10. Qe2 Qc7 11. Rad1 a6 12. Rfe1 cxd5 13. Bxd5 Nc5 14. e5 dxe5 15. Nxe5 Ne6 16. Nxf7 Nxd5 17. Nxd5 Qb8 18. Nxe7+ Kxf7 19. Qf3+ Ke8 20. Qd5 Kf7 21. Rd3 Bf6 22. Nxc8 Qxc8 23. Bxf6 Kxf6 24. Rf3+ Kg7 25. Rxe6 Rxf3 26. Qe5+ Kh6 27. gxf3 Qd8 28. Re7 Qd1+ 29. Kg2 Rg8 30. Qf4+ g5 31. Qf6+ 1-0

[Event "NOR-ch 2018"]
[Site "Moss"]
[Date "2018.07.07"]
[Round "2"]
[White "Johannessen, Leif Erlend"]
[Black "Hammer, Jon Ludvig"]
[Result "0-1"]
[WhiteElo "2462"]
[BlackElo "2631"]
[Annotator "ChessBase"]
[PlyCount "92"]
[EventDate "2018.07.06"]
[EventCountry "NOR"]
[SourceTitle "playchess.com"]
[Source "ChessBase"]
[SourceQuality "1"]

1. d4 d5 2. c4 e6 3. Nc3 c6 4. Nf3 Nf6 5. e3 Nbd7 6. Qc2 Bd6 7. Be2 dxc4 8. Bxc4 O-O 9. O-O b5 10. Bd3 Bb7 11. Ng5 h6 12. Nge4 Nxe4 13. Nxe4 Be7 14. Bd2 c5 15. Bxb5 cxd4 16. exd4 Nf6 17. Nc5 Bxg2 18. Kxg2 Qxd4 19. b4 Rac8 20. Ba6 Bxc5 21. Bxc8 Qg4+ 22. Kh1 Qf3+ 23. Kg1 Qg4+ 24. Kh1 Qf3+ 25. Kg1 Bd6 26. Qd1 Qh3 27. f4 Rxc8 28. Qf3 Qf5 29. Rac1 Rc2 30. Rxc2 Qxc2 31. Be3 Qxa2 32. Qa8+ Kh7 33. Qxa7 Qe2 34. Qd4 Ng4 35. Bf2 Nxh2 36. Kxh2 Qxf1 37. Qxd6 Qxf2+ 38. Kh3 Qf3+ 39. Kh2 Qe2+ 40. Kg3 h5 41. Qe5 Qd1 42. b5 Qh1 43. Qe2 h4+ 44. Kg4 Kg6 45. f5+ exf5+ 46. Kf4 Qd5 0-1

[Event "NOR-ch 2018"]
[Site "Moss"]
[Date "2018.07.07"]
[Round "2"]
[White "Hauge, Lars Oskar"]
[Black "Hole, Oystein"]
[Result "1-0"]
[WhiteElo "2434"]
[BlackElo "2324"]
[Annotator "NA"]
[PlyCount "99"]
[EventDate "2018.07.06"]
[EventCountry "NOR"]
[SourceTitle "playchess.com"]
[Source "ChessBase"]
[SourceQuality "1"]

1. e4 c6 2. Nc3 d5 3. Qf3 e6 4. d4 dxe4 5. Qxe4 Nf6 6. Qh4 Be7 7. Nf3 O-O 8. Bd3 Nbd7 9. Bg5 Re8 10. O-O-O Nf8 11. Qg3 Nd5 12. Ne4 Bxg5+ 13. Nexg5 Qc7 14. Ne4 Qxg3 15. hxg3 Rd8 16. c3 b6 17. g4 Bb7 18. g3 f6 19. g5 f5 20. Ned2 c5 21. Rhe1 Rac8 22. Bc2 b5 23. dxc5 Rxc5 24. a3 Rcc8 25. Nd4 Nc7 26. N2b3 Bd5 27. Nc5 Kf7 28. Nd3 a5 29. Kb1 Rd6 30. Nf4 Bb7 31. Bb3 g6 32. Ka2 a4 33. Bc2 Bd5+ 34. Kb1 Bc4 35. Nd3 Nd7 36. f4 Rd8 37. Rd2 Na6 38. g4 fxg4 39. Nf2 Ndc5 40. Nxg4 Nb3 41. Rh2 Kg7 42. Reh1 Rh8 43. Bxb3 axb3 44. Rh6 Nc5 45. Nf6 Nd3 46. f5 Nf4 47. Ne8+ Rxe8 48. Rxh7+ Kf8 49. Rh8+ Ke7 50. f6+ 1-0

[Event "NOR-ch 2018"]
[Site "Moss"]
[Date "2018.07.07"]
[Round "2"]
[White "Haldorsen, Benjamin"]
[Black "Mihajlov, Sebastian"]
[Result "1-0"]
[WhiteElo "2423"]
[BlackElo "2385"]
[Annotator "NA"]
[PlyCount "69"]
[EventDate "2018.07.06"]
[EventCountry "NOR"]
[SourceTitle "playchess.com"]
[Source "ChessBase"]
[SourceQuality "1"]

1. e4 e5 2. Nf3 Nc6 3. Bc4 Bc5 4. O-O d6 5. c3 Nf6 6. d3 O-O 7. Re1 a5 8. Bg5 h6 9. Bh4 Qe7 10. Nbd2 Be6 11. Bb5 Bg4 12. Bxc6 bxc6 13. h3 Bh5 14. d4 Bb6 15. Qa4 Qe8 16. dxe5 dxe5 17. Bxf6 gxf6 18. Nh4 Kh7 19. Nf1 Rg8 20. Qc2 Qf8 21. Nf5 Rg5 22. N1g3 Qg8 23. Kh2 Bg6 24. Nh4 Bh5 25. Ngf5 Rd8 26. f3 Qf8 27. Rad1 Rxd1 28. Rxd1 Bg6 29. Nxg6 Rxg6 30. Qb3 Qe8 31. Rd8 Qe6 32. Qxe6 fxe6 33. Ne7 Rg7 34. Nxc6 Kg6 35. a4 1-0

[Event "NOR-ch 2018"]
[Site "Moss"]
[Date "2018.07.07"]
[Round "2"]
[White "Kaasen, Tor Fredrik"]
[Black "Elsness, Frode"]
[Result "1-0"]
[WhiteElo "2396"]
[BlackElo "2468"]
[Annotator "ChessBase"]
[PlyCount "71"]
[EventDate "2018.07.06"]
[EventCountry "NOR"]
[SourceTitle "playchess.com"]
[Source "ChessBase"]
[SourceQuality "1"]

1. d4 Nf6 2. c4 e6 3. Nf3 d5 4. g3 dxc4 5. Bg2 c5 6. O-O Nc6 7. Qa4 Bd7 8. Qxc4 b5 9. Qd3 c4 10. Qc2 Be7 11. e4 O-O 12. Qe2 Na5 13. Ne5 Rc8 14. Bf4 b4 15. Nxd7 Qxd7 16. Rd1 Qa4 17. Nd2 Qc2 18. Rab1 c3 19. Rdc1 Qa4 20. b3 Qxa2 21. Ra1 cxd2 22. Rd1 Qxb3 23. Rxa5 Rc1 24. Rxc1 dxc1=Q+ 25. Bxc1 Rc8 26. Bg5 Qb1+ 27. Bf1 Bd8 28. Bxf6 Bxf6 29. e5 Bg5 30. Rxa7 Qf5 31. h4 Bd8 32. Rd7 g6 33. Qa6 Rc2 34. Rxd8+ Kg7 35. Be2 Qe4 36. Qd6 1-0

[Event "NOR-ch 2018"]
[Site "Moss"]
[Date "2018.07.07"]
[Round "2"]
[White "Gronn, Atle"]
[Black "Christiansen, Johan-Sebastian"]
[Result "1/2-1/2"]
[WhiteElo "2352"]
[BlackElo "2506"]
[Annotator "TA"]
[PlyCount "104"]
[EventDate "2018.07.06"]
[EventCountry "NOR"]
[SourceTitle "playchess.com"]
[Source "ChessBase"]
[SourceQuality "1"]

{[%evp 25,104,-51,-46,-50,-33,-36,-26,-46,-35,-48,-48,-48,-48,-48,-48,-48,-48,-54,-54,-59,-42,-54,-54,-54,-55,-56,-47,-56,-40,-51,-54,-55,-54,-60,-65,-62,-43,-43,-46,-45,-40,-40,-33,-47,-31,-39,-33,-45,-28,-42,-27,-27,-19,-39,-21,-19,-20,-21,-20,-26,-36,-25,0,0,0,-43,0,0,2,10,75,59,96,12,25,0,97,0,15,0,88]} 1. Nf3 c5 2. g3 g6 3. Bg2 Bg7 4. c3 e5 5. e4 Nc6 6. O-O Nge7 7. Na3 {[%cal Bb1a3,Ba3c4,Bc4e3][%mdl 32]} O-O 8. Re1 d5 9. exd5 Nxd5 10. Nc4 Re8 11. d3 h6 12. a4 Bf5 {A08: King's Indian Attack} 13. Ne3 (13. Qb3 Bxd3 14. Nfd2 Nb6 15. a5 Nxc4 16. Nxc4 e4 17. Qxb7 Qd5 18. Bf4 Bxc4 19. Rad1 Nd4 20. Qxd5 Bxd5 21. cxd4 cxd4 {0-1 (42) Ris,R (2412)-Cheparinov,I (2695) Dubai 2016}) 13... Be6 {LiveBook: 3 Games} 14. Nd2 {[#]} Nde7 $146 {Black is slightly better.} ({Predecessor:} 14... Nxe3 15. Rxe3 Qd7 16. Ne4 b6 17. f3 Rad8 18. b3 f5 19. Nf2 e4 20. Bd2 exd3 21. Rxd3 {0-1 (44) Vezzani,S (2230)-Gleizerov,E (2586) Saint Vincent 2001}) 15. Ne4 b6 16. Nc4 Qc7 17. f4 Bxc4 18. dxc4 Rad8 19. Qc2 f5 20. Nf2 e4 21. Be3 Nc8 22. Rad1 Qf7 23. Bf1 Nd6 24. b3 Qf6 25. Rc1 Kh7 26. Red1 Rd7 27. Rd5 Red8 28. Qd1 Qe6 29. Rc2 Ne7 30. Rdd2 Nb7 31. Rxd7 Rxd7 32. Rd2 Rxd2 33. Qxd2 Na5 34. Qc2 Nec6 {[%cal Be7c6,Bc6d8,Bd8e6][%mdl 32]} 35. Nd1 Qd6 36. Kg2 Nd8 37. Nf2 Qf6 38. Nd1 $1 Ne6 39. Be2 g5 40. fxg5 hxg5 41. g4 Nf4+ 42. Kf1 $1 Nxe2 43. Kxe2 Nb7 44. gxf5 Qxf5 45. Ke1 (45. Bxg5 $5 Qf3+ 46. Ke1 $17) 45... Be5 46. Bxg5 Nd6 47. Qg2 Qg6 (47... Qf3 $11 {remains equal.} 48. Qxf3 exf3) 48. h4 Qf5 49. Bd2 (49. Ke2 $16) 49... Bf6 $11 50. Bg5 Be5 {[#]} (50... Bxg5 $11 51. hxg5 Kg6) 51. Bd2 (51. Ke2 $1 $16) 51... Bf6 52. Bg5 ({White should try} 52. Be3 $11) 52... Be5 {Precision: White = 45%, Black = 38%.} 1/2-1/2

[Event "NOR-ch 2018"]
[Site "Moss"]
[Date "2018.07.07"]
[Round "2"]
[White "Fossan, Petter"]
[Black "Lund, Terje"]
[Result "1-0"]
[WhiteElo "2321"]
[BlackElo "2086"]
[Annotator "NA"]
[PlyCount "83"]
[EventDate "2018.07.06"]
[EventCountry "NOR"]
[SourceTitle "playchess.com"]
[Source "ChessBase"]
[SourceQuality "1"]

1. e4 Nf6 2. e5 Nd5 3. d4 d6 4. Nf3 dxe5 5. Nxe5 c6 6. Be2 Bf5 7. O-O Nd7 8. Nf3 e6 9. c4 N5f6 10. Bf4 Be7 11. Nh4 Bxb1 12. Rxb1 O-O 13. Qc2 Ne8 14. Nf3 Bd6 15. Bg5 Be7 16. Bf4 Bd6 17. Bg5 Be7 18. Bd2 Qc7 19. Bd3 Nef6 20. Rfe1 Rfe8 21. b4 Rad8 22. a4 b6 23. Bc3 Nf8 24. Ne5 N6d7 25. Nf3 Nf6 26. Ne5 N6d7 27. f4 f6 28. Nxd7 Rxd7 29. Be4 f5 30. Bf3 Kh8 31. b5 cxb5 32. axb5 Red8 33. Bc6 Rxd4 34. Bxd4 Rxd4 35. g3 Bc5 36. Kg2 Rd6 37. Bf3 Ng6 38. Rbd1 Bd4 39. Qxf5 Qxc4 40. Qe4 Nf8 41. Re2 Qc5 42. Rc2 1-0

[Event "NOR-ch 2018"]
[Site "Moss"]
[Date "2018.07.07"]
[Round "2"]
[White "Moen, Andreas G R"]
[Black "Vestby-Ellingsen, Mads"]
[Result "1/2-1/2"]
[WhiteElo "2317"]
[BlackElo "2429"]
[Annotator "NA"]
[PlyCount "120"]
[EventDate "2018.07.06"]
[EventCountry "NOR"]
[SourceTitle "playchess.com"]
[Source "ChessBase"]
[SourceQuality "1"]

1. d4 Nf6 2. Nf3 g6 3. Bf4 Bg7 4. e3 d6 5. Be2 Nbd7 6. h3 O-O 7. O-O b6 8. Bh2 Bb7 9. a4 a5 10. c4 Ne4 11. Qc2 e5 12. Rd1 Re8 13. Ra3 Qe7 14. Bf1 Rad8 15. Ne1 h5 16. Rad3 h4 17. Nd2 Ndf6 18. dxe5 dxe5 19. Rxd8 Rxd8 20. Ndf3 Rxd1 21. Qxd1 Nd7 22. Bd3 Ndc5 23. Bc2 Bf6 24. Nd3 Nxd3 25. Qxd3 Nc5 26. Qd1 Kg7 27. b3 Bc6 28. Kf1 Qe6 29. Ne1 Qe7 30. Nd3 Nxd3 31. Qxd3 Qa3 32. f3 Qa1+ 33. Qd1 Qb2 34. Ke2 Be7 35. Qb1 Qc3 36. Bd3 Bb4 37. Qd1 Bb7 38. Bg1 f5 39. Bf2 Be7 40. Be1 Qb2+ 41. Qc2 Qxc2+ 42. Bxc2 Kf7 43. Bc3 Ke6 44. Be1 g5 45. e4 f4 46. Bc3 Bc8 47. Bd3 Bc5 48. Kd2 Kd6 49. Bf1 Bd4 50. Kc2 Bc5 51. Bb2 Be6 52. Be2 Bb4 53. Ba1 Bd7 54. Bb2 c6 55. Ba1 Bc5 56. Bb2 Be8 57. Bc1 Bd4 58. Bd3 Bd7 59. Be2 Be6 60. Bf1 c5 1/2-1/2

[Event "NOR-ch 2018"]
[Site "Moss"]
[Date "2018.07.07"]
[Round "2"]
[White "Hobber, Anders"]
[Black "Haug, Johannes"]
[Result "1/2-1/2"]
[WhiteElo "2312"]
[BlackElo "2403"]
[Annotator "TA"]
[PlyCount "115"]
[EventDate "2018.07.06"]
[EventCountry "NOR"]
[SourceTitle "playchess.com"]
[Source "ChessBase"]
[SourceQuality "1"]

{[%evp 23,115,-16,-16,-33,-21,-20,-28,-39,-54,-51,-33,-46,-26,-45,-42,-20,5,-28,0,-43,-18,-26,5,-17,-8,-17,47,-109,-109,-124,-127,-141,-105,-127,-117,-270,-258,-263,-172,-1172,-1145,-1128,-1128,-29979,-29980,-29979,-29980,-29996,-76,-76,-76,-14,-16,-34,-65,-108,-104,-162,-141,-98,0,-33,0,0,0,0,0,0,0,-25,-25,-114,-109,-108,-105,-122,-127,-110,-64,-118,-92,-122,-137,-187,0,0,0,0,0,0,8,8,8,8]} 1. d4 Nf6 2. Nf3 e6 3. e3 d5 4. Bd3 Bd6 5. b3 b6 6. Bb2 Bb7 7. O-O O-O 8. c4 Nbd7 9. Nc3 a6 10. Rc1 Re8 {E14: Damenindisch (Zentralsystem)} (10... Qe7 11. cxd5 exd5 12. Ne2 Ne4 13. Qc2 Rac8 14. Ng3 g6 15. Qe2 h5 16. Ne5 Nxe5 17. dxe5 Bxe5 18. Bxe5 Qxe5 19. Nxe4 dxe4 20. Bxa6 Bxa6 21. Qxa6 {½-½ (57) Harikrishna,P (2732)-Navara,D (2727) Prague 2018}) 11. Na4 dxc4 12. bxc4 e5 {LiveBook: 3 Partien} 13. c5 e4 $1 {Droht ...bxc5 und aus.} 14. cxd6 cxd6 15. Be2 {Schwarz muss nun Sd2 beachten.} exf3 16. Bxf3 Bxf3 17. Qxf3 b5 18. Nc3 {[#]} Nb6 $146 19. d5 Rc8 20. Ba1 Rc5 21. Rcd1 Qe7 22. Ne2 Nbd7 $36 {[%mdl 2048] Schwarz hat Druck.} (22... Nfxd5 $6 23. Bd4 $14) 23. Qg3 Ne5 24. Nd4 $1 Qd7 (24... Rxd5 $2 25. Nf5 $18) ({Besser ist} 24... Ne4 $11 25. Qf4 Nc3 26. Bxc3 Rxc3) 25. Nc6 $2 (25. f3 $1 $14 {bleibt weiter vorne.}) 25... Ne4 $17 ({Ein No Go ist} 25... Rxd5 $6 26. Rxd5 Nxd5 27. Nxe5 $11) 26. Qh4 Nxc6 27. dxc6 Rxc6 28. Rd4 Qe6 29. Rfd1 $2 (29. a4 $17) 29... Rc2 $19 30. f3 {[%cal Rd4e4]} Qg6 {[%csl Gc2][%cal Rg6g2]} ({Und nicht} 30... Qxa2 31. Rxe4 Rxg2+ 32. Kh1 $16) 31. g3 $2 (31. Qh3 Nf6 32. Rxd6) 31... Ng5 32. Rf1 Rxe3 33. f4 Ree2 ({Falsch wäre} 33... Ne6 $2 34. f5 $18) 34. fxg5 Qe6 35. g6 Rg2+ $2 (35... Qe3+ {setzt Matt} 36. Kh1 Qf3+ $1 {[%mdl 512]} 37. Rxf3 Re1+ 38. Rf1 Rxf1#) 36. Kh1 $17 {Weiss will mit Dd8+ Matt setzen.} Rxh2+ 37. Qxh2 Rxh2+ 38. Kxh2 Qxa2+ 39. Kg1 hxg6 40. Re1 (40. Rxd6 $17 f6 41. Bd4) 40... f6 41. Rxd6 b4 ({Lieber} 41... Kh7 $17 {Droht stark ...Da3.} 42. Rde6 a5) 42. Bd4 b3 {[%mdl 1024] Schwarz hat Kompensation.} 43. Rd7 b2 44. Rb7 Qd5 45. Rb8+ Kh7 46. Bxb2 Qf3 47. Ree8 (47. Rbe8 $11) 47... Qxg3+ 48. Kf1 {[%csl Gb8][%cal Re8h8]} g5 {[%cal Bg6g5,Bg5g4][%mdl 32]} 49. Ke2 g4 50. Bd4 a5 {[%cal Ba6a5,Ba5a4][%mdl 32] Und weiter mit ...a4 wäre nett.} 51. Rbd8 (51. Rb1 $15) 51... Qc7 52. Be3 {[#]} a4 $1 {[%cal Ra4a3] ...a3 ist eine echte Drohung.} 53. Rd4 Qc6 $2 ({Günstiger ist} 53... Qb7 $19 54. Kf2 Qf3+ 55. Kg1 a3) 54. Re7 $1 $11 {Die Stellung ist ausgeglichen.} f5 {Und ...Dc2+ würde nun gewinnen.} 55. Rdd7 Qc2+ 56. Kf1 Qb1+ 57. Kf2 Qb2+ 58. Kg3 {Precision: Weiß = 27%, Schwarz = 48%.} 1/2-1/2

[Event "NOR-ch 2018"]
[Site "Moss"]
[Date "2018.07.07"]
[Round "2"]
[White "Tallaksen, Levi Andre"]
[Black "Agdestein, Simen"]
[Result "0-1"]
[WhiteElo "2298"]
[BlackElo "2581"]
[Annotator "ChessBase"]
[PlyCount "46"]
[EventDate "2018.07.06"]
[EventCountry "NOR"]
[SourceTitle "playchess.com"]
[Source "ChessBase"]
[SourceQuality "1"]

1. d4 Nf6 2. c4 e6 3. Nf3 d5 4. Nc3 Bb4 5. e3 O-O 6. Bd3 c5 7. O-O Nc6 8. a3 Bxc3 9. bxc3 dxc4 10. Bxc4 Qc7 11. Qe2 e5 12. d5 e4 13. dxc6 Ng4 14. g3 exf3 15. Qxf3 Ne5 16. Qf4 Bh3 17. Rd1 Rad8 18. Be2 Qxc6 19. e4 Rxd1+ 20. Bxd1 Qa6 21. Be2 Qxe2 22. Be3 Nf3+ 23. Kh1 Ne1 0-1

[Event "NOR-ch 2018"]
[Site "Moss"]
[Date "2018.07.07"]
[Round "2"]
[White "Mikalsen, Erlend"]
[Black "Abdrlauf, Elham"]
[Result "0-1"]
[WhiteElo "2292"]
[BlackElo "2077"]
[Annotator "NA"]
[PlyCount "84"]
[EventDate "2018.07.06"]
[EventCountry "NOR"]
[SourceTitle "playchess.com"]
[Source "ChessBase"]
[SourceQuality "1"]

1. e4 g6 2. d4 d6 3. Nc3 Bg7 4. f4 Nd7 5. Nf3 c6 6. a4 e5 7. Bc4 exd4 8. Nxd4 Ngf6 9. Nf3 Qe7 10. Qe2 O-O 11. e5 dxe5 12. fxe5 Ng4 13. e6 Nde5 14. exf7+ Kh8 15. Ng5 Bf6 16. Nge4 Nxc4 17. Qxc4 Rxf7 18. O-O Be6 19. Qe2 Bd4+ 20. Kh1 Rxf1+ 21. Qxf1 Bxc3 22. Nxc3 Rf8 23. Qe1 Qh4 24. Bf4 Qxe1+ 25. Rxe1 Rxf4 26. h3 Nf2+ 27. Kg1 Bxh3 28. Re2 Bf5 29. Rxf2 Rxf2 30. Kxf2 Bxc2 31. Ke3 Kg7 32. Kd4 Kf6 33. Kc5 Ke5 34. a5 Be4 35. g3 h5 36. Nd1 g5 37. Ne3 h4 38. Nc4+ Ke6 39. Nd6 b6+ 40. axb6 axb6+ 41. Kd4 Kxd6 42. Kxe4 h3 0-1

[Event "NOR-ch 2018"]
[Site "Moss"]
[Date "2018.07.07"]
[Round "2"]
[White "Al-Tarbosh, Ward"]
[Black "Gulbrandsen, Tor"]
[Result "1-0"]
[WhiteElo "2283"]
[BlackElo "2065"]
[Annotator "NA"]
[PlyCount "37"]
[EventDate "2018.07.06"]
[EventCountry "NOR"]
[SourceTitle "playchess.com"]
[Source "ChessBase"]
[SourceQuality "1"]

1. e4 e5 2. Nf3 Nf6 3. Nxe5 d6 4. Nf3 Nxe4 5. d4 d5 6. Bd3 Nc6 7. O-O Bg4 8. Re1 Be7 9. c3 f5 10. Qb3 Na5 11. Qa4+ c6 12. Ne5 Bh5 13. f3 Nd6 14. b4 Nac4 15. Nxc4 dxc4 16. Bg5 b5 17. Qa6 Ne4 18. Bxe4 Bxg5 19. Bxc6+ 1-0

[Event "NOR-ch 2018"]
[Site "Moss"]
[Date "2018.07.07"]
[Round "2"]
[White "Royset, Pal"]
[Black "Woldseth, Ole"]
[Result "1/2-1/2"]
[WhiteElo "2231"]
[BlackElo "2056"]
[Annotator "NA"]
[PlyCount "99"]
[EventDate "2018.07.06"]
[EventCountry "NOR"]
[SourceTitle "playchess.com"]
[Source "ChessBase"]
[SourceQuality "1"]

1. e4 c6 2. d4 d5 3. exd5 cxd5 4. Bd3 Nc6 5. c3 Qc7 6. Nf3 Bg4 7. O-O Nf6 8. Re1 e6 9. Nbd2 Bd6 10. Nf1 O-O 11. Bg5 a6 12. Ng3 Nh5 13. Rc1 b5 14. Bd2 Bf4 15. Bxf4 Qxf4 16. Re3 Nf6 17. h3 Bxf3 18. Rxf3 Qg5 19. a3 Na5 20. Rc2 Nc4 21. Re2 Rfc8 22. Nf1 Nh5 23. g3 g6 24. h4 Qh6 25. Nh2 Rc7 26. Ng4 Qg7 27. Qc1 Rac8 28. Bxc4 bxc4 29. Qg5 Kh8 30. Nh6 f6 31. Qc1 Qe7 32. g4 Ng7 33. Qf4 Rf8 34. g5 Nh5 35. Qh2 Rcc8 36. gxf6 Rxf6 37. Qe5 Qg7 38. Rxf6 Qxf6 39. Qxe6 Qxe6 40. Rxe6 Rb8 41. Rxa6 Rxb2 42. Ng4 Rb3 43. Ra8+ Kg7 44. Ra7+ Kg8 45. Ra8+ Kg7 46. Ra7+ Kg8 47. Ra5 Rxc3 48. Rxd5 Rxa3 49. Rd8+ Kg7 50. Rd7+ 1/2-1/2

[Event "NOR-ch 2018"]
[Site "Moss"]
[Date "2018.07.07"]
[Round "2"]
[White "Vitenberg, Noam Aviv"]
[Black "Kyrkjebo, Marte B"]
[Result "1-0"]
[WhiteElo "2220"]
[BlackElo "1932"]
[Annotator "NA"]
[PlyCount "89"]
[EventDate "2018.07.06"]
[EventCountry "NOR"]
[SourceTitle "playchess.com"]
[Source "ChessBase"]
[SourceQuality "1"]

1. d4 Nf6 2. c4 e6 3. Nf3 b6 4. Nc3 Bb4 5. e3 Bb7 6. Bd3 Ne4 7. O-O f5 8. Qb3 Bxc3 9. bxc3 c5 10. Ne1 Nd6 11. Ba3 Qc7 12. f3 O-O 13. Nc2 Rc8 14. dxc5 bxc5 15. Rad1 Qb6 16. Be2 Nf7 17. Rb1 Qxb3 18. axb3 d6 19. Rfd1 Nd7 20. Ne1 Bc6 21. Nd3 Nb6 22. Ra1 Rcb8 23. Ra2 Rb7 24. Rda1 Nc8 25. b4 cxb4 26. cxb4 Rab8 27. b5 Bd7 28. Nb4 Nb6 29. Bb2 Ra8 30. f4 Rc7 31. Na6 Rcc8 32. Bf3 d5 33. c5 Nc4 34. c6 Be8 35. Bd4 Nfd6 36. Rb1 Kf7 37. Nc5 g6 38. Nb7 Ke7 39. Rxa7 Rxa7 40. Bxa7 Ra8 41. Bc5 Rc8 42. Be2 Bxc6 43. bxc6 Rxc6 44. Bxc4 dxc4 45. Bxd6+ 1-0

[Event "NOR-ch 2018"]
[Site "Moss"]
[Date "2018.07.07"]
[Round "2"]
[White "Rishovd, Svein"]
[Black "Aulin-Jansson, Joran"]
[Result "0-1"]
[WhiteElo "2095"]
[BlackElo "2328"]
[Annotator "NA"]
[PlyCount "52"]
[EventDate "2018.07.06"]
[EventCountry "NOR"]
[SourceTitle "playchess.com"]
[Source "ChessBase"]
[SourceQuality "1"]

1. d4 Nf6 2. c4 e6 3. Nc3 Bb4 4. e3 O-O 5. Nf3 d5 6. Bd2 b6 7. cxd5 exd5 8. Bd3 Bb7 9. O-O Re8 10. Rc1 a6 11. Ne5 Bd6 12. f4 c5 13. Bb1 Nc6 14. Nxc6 Bxc6 15. Qf3 Ne4 16. Be1 Rc8 17. Kh1 b5 18. Nxe4 dxe4 19. Qd1 Qb6 20. Bc3 b4 21. dxc5 Bxc5 22. Bxg7 Kxg7 23. Qg4+ Kh8 24. Qf5 Bf8 25. Rc4 Qb5 26. Qxf7 Bd5 0-1

[Event "NOR-ch 2018"]
[Site "Moss"]
[Date "2018.07.07"]
[Round "2"]
[White "Lindsoe, Fredrik Aunan"]
[Black "Tryggestad, Andreas Garberg"]
[Result "0-1"]
[WhiteElo "2084"]
[BlackElo "2302"]
[Annotator "NA"]
[PlyCount "46"]
[EventDate "2018.07.06"]
[EventCountry "NOR"]
[SourceTitle "playchess.com"]
[Source "ChessBase"]
[SourceQuality "1"]

1. d4 Nf6 2. Bg5 d5 3. Bxf6 exf6 4. e3 Bd6 5. c4 dxc4 6. Bxc4 c6 7. Qc2 O-O 8. Bd3 g6 9. Nf3 Na6 10. Bxa6 Qa5+ 11. Nc3 Qxa6 12. Qe2 Qa5 13. O-O Qh5 14. Ne4 Bxh2+ 15. Kh1 Kg7 16. Qd1 Bg4 17. Ned2 c5 18. Qa4 Bc7+ 19. Kg1 cxd4 20. exd4 Rfd8 21. Rac1 Bf4 22. Rc3 b5 23. Qa6 Rxd4 0-1

[Event "NOR-ch 2018"]
[Site "Moss"]
[Date "2018.07.07"]
[Round "2"]
[White "Lund, Frode Ryan"]
[Black "Ranaldi, Lucas"]
[Result "0-1"]
[WhiteElo "2074"]
[BlackElo "2289"]
[Annotator "NA"]
[PlyCount "110"]
[EventDate "2018.07.06"]
[EventCountry "NOR"]
[SourceTitle "playchess.com"]
[Source "ChessBase"]
[SourceQuality "1"]

1. d4 Nf6 2. Nf3 b6 3. e3 Bb7 4. c4 e6 5. Be2 c5 6. O-O cxd4 7. Nxd4 Be7 8. Nc3 O-O 9. Bf3 Qc8 10. Bxb7 Qxb7 11. b3 Rc8 12. Bb2 a6 13. a4 Nc6 14. Nxc6 Qxc6 15. Qd3 d6 16. Rfd1 Rab8 17. h3 Bf8 18. Rac1 Nd7 19. Ne4 Nc5 20. Nxc5 bxc5 21. Rb1 Rb6 22. Bc3 Rcb8 23. Ba5 R6b7 24. Qc2 Be7 25. Rd3 f5 26. Rbd1 Kf7 27. R1d2 g5 28. Qd1 Kg6 29. g4 Rf8 30. Bc3 Rbb8 31. Rxd6 Bxd6 32. Rxd6 Qe4 33. Rd7 Rb7 34. Rxb7 Qxb7 35. Qd6 Qf7 36. Qg3 fxg4 37. hxg4 Qf3 38. Qxf3 Rxf3 39. Be5 Rf8 40. Kg2 Rc8 41. Kf3 Rf8+ 42. Ke2 Rd8 43. a5 Rd7 44. f4 Rb7 45. Bd6 Rxb3 46. Bxc5 Rc3 47. Be7 gxf4 48. exf4 Rxc4 49. Kf3 Ra4 50. Bd8 h5 51. gxh5+ Kf5 52. Bc7 Ra3+ 53. Kg2 Kg4 54. h6 Rh3 55. Kf2 Kf5 0-1

[Event "NOR-ch 2018"]
[Site "Moss"]
[Date "2018.07.07"]
[Round "2"]
[White "Sorgjerd, Jan"]
[Black "Solberg, Joachim"]
[Result "1/2-1/2"]
[WhiteElo "2061"]
[BlackElo "2263"]
[Annotator "NA"]
[PlyCount "22"]
[EventDate "2018.07.06"]
[EventCountry "NOR"]
[SourceTitle "playchess.com"]
[Source "ChessBase"]
[SourceQuality "1"]

1. d4 Nf6 2. c4 g6 3. Nc3 d5 4. cxd5 Nxd5 5. e4 Nxc3 6. bxc3 Bg7 7. Bc4 c5 8. Ne2 Nc6 9. Be3 O-O 10. O-O cxd4 11. cxd4 Bg4 1/2-1/2

[Event "NOR-ch 2018"]
[Site "Moss"]
[Date "2018.07.07"]
[Round "2"]
[White "Melaa, Sondre"]
[Black "Strand, Amund Pihl"]
[Result "1-0"]
[WhiteElo "2019"]
[BlackElo "1693"]
[Annotator "NA"]
[PlyCount "49"]
[EventDate "2018.07.06"]
[EventCountry "NOR"]
[SourceTitle "playchess.com"]
[Source "ChessBase"]
[SourceQuality "1"]

1. e4 c5 2. Nc3 e6 3. Nge2 a6 4. a4 d5 5. exd5 exd5 6. d4 c4 7. g3 Bb4 8. Bg2 Ne7 9. O-O O-O 10. Nf4 Bxc3 11. bxc3 Bf5 12. Ba3 Nbc6 13. Re1 Qd7 14. Bxe7 Nxe7 15. Re5 Be6 16. Qe2 Ng6 17. Nxe6 fxe6 18. Rxe6 Kh8 19. Re1 Rad8 20. h4 Kg8 21. h5 Nh8 22. Re7 Qc6 23. Bh3 h6 24. Be6+ Kh7 25. Qe5 1-0